000 00300nam a22001337a 4500
008 170925b xxu||||| |||| 00| 0 eng d
020 _a9780205268559
041 _aeng
080 _25TH
_a37
100 _a46
101 _aEDU
245 _aUNDERSTANDING ENGLISH GRAMMAR
_cKOLLN,M
942 _2udc
_cBK
999 _c29629
_d29629